| 000 | 00443nam a2200169 a 4500 | ||
|---|---|---|---|
| 005 | 20140310183259.0 | ||
| 008 | 011227s19uu xx 00 eng d | ||
| 020 | _a185326153X | ||
| 050 |
_aPZ 8 _b.J45 1995 |
||
| 100 | _aJefferies, Richard | ||
| 245 |
_aWood magic / _cRichard Jefferies. |
||
| 260 |
_aDenmark : _bWordsworth Editions Ltd, _c1995. |
||
| 300 |
_a263 p. : _c18 cm. |
||
| 650 | _aFiction | ||
| 942 |
_cBK _2lcc |
||
| 999 |
_c20914 _d20914 |
||